Estadísticas para Países más cercanos a Sicilia - sprint de un minuto

Haz click aquí para intentar la prueba.

Estadísticas generales

  • Esta prueba ha sido intentada 12 veces
  • La puntuación promedio es 13 de 20

Estadísticas de respuestas

kmpaís% Correcto
738España
100%
71Túnez
100%
445Libia
90%
214Argelia
80%
415Ciudad del Vaticano
80%
463Francia
80%
366Grecia
80%
634San Marino
80%
504Croacia
70%
81Malta
70%
760Mónaco
70%
394Albania
60%
530Bosnia y Herzegovina
60%
792Eslovenia
60%
581Kosovo
40%
527Macedonia del Norte
40%
506Montenegro
40%
710Bulgaria
30%
852Hungría
30%
642Serbia
30%

Distribución de puntuación

Porcentaje por número respondido

Porcentaje de gente con cada puntuación

Historial de tus puntuaciones

No has intentado esta prueba.